Clipper <A> Programmer's Guide

Enregistré dans:
Détails bibliographiques
Auteur principal: Beam, Gary
Format: Livre
Langue:anglais
Publié: [S.l.] Windcrest 1989
Tags: Ajouter un tag
Pas de tags, Soyez le premier à ajouter un tag!

MARC

LEADER 00000nam a2200000 4500
001 c028327
005 20250707090947.9
041 0 |a eng 
044 |a SK 
245 1 0 |a Clipper  |b <A> Programmer's Guide  |c Gary Beam 
264 1 |a [S.l.]  |b Windcrest  |c 1989 
300 |a 240 s. 
100 1 |a Beam, Gary